000 00737nam a2200253Ia 4500
003 GCL
008 140319s9999 xx 000 0 ara d
040 _aGCL /
_cGCL
082 0 4 _a320.962
_bم ك
100 1 _aمحمد جلال كشك
245 1 0 _aكلمتى للمغفلين /
_cمحمد جلال كشك
260 _a[S.N] :
_bالزهراء للاعلام العربى ،
_c1989
300 _a447 ص
490 _a
650 0 4 _aالعصر الحديث
650 0 4 _aمصر
650 0 4 _aتاريخ
650 0 4 _aالولايات المتحدة الامريكية
650 0 4 _aاسرائيل
650 0 4 _aالناصرية
650 0 4 _aس.اى. ايه
650 0 4 _aجمال عبدالناصر
942 _2ddc
_cBK
999 _c30988
_d30988